| 000 | 00394nam a2200169Ia 4500 | ||
|---|---|---|---|
| 100 | _aWebster/J.G | ||
| 650 | _aINSTRUMENTATION | ||
| 250 | _a3 | ||
| 942 | _cBK | ||
| 366 | _f15 | ||
| 654 | _amedical instrumentation | ||
| 245 | _aMedical Instrumentation :Application and design | ||
| 260 |
_bWiley India _aMumbai _c2002 |
||
| 082 |
_a610.28/WEB _bWEB |
||
| 300 | _a691 | ||
| 546 | _aENGLISH | ||
| 999 |
_c19115 _d19115 |
||